[Event "Hallstahammar op"]
[Site "Hallstahammar"]
[Date "2004.09.12"]
[Round "7"]
[White "Lundqvist, KG."]
[Black "Krzymowska, Adriana"]
[Result "1-0"]
[WhiteElo "1622"]
[BlackElo "1516"]
[PlyCount "93"]
[EventDate "2004.09.10"]
[EventType "swiss"]
[EventRounds "8"]
[EventCountry "SWE"]
[SourceTitle "EXT 2005"]
[Source "ChessBase"]
[SourceDate "2004.11.15"]
[SourceVersion "1"]
[SourceVersionDate "2004.11.15"]
[SourceQuality "1"]

1. e4 c5 2. Nf3 d6 3. d4 cxd4 4. Nxd4 Nf6 5. Nc3 g6 6. Be2 Bg7 7. Be3 Nc6 8. Qd2 0-0 9. f3 Bd7 10. 0-0 Rc8 11. Nxc6 Rxc6 12. Bb5 Rxc3 13. Bxd7 Rxe3 14. Qxe3 Nxd7 15. Qxa7 Bxb2 16. Rab1 Bf6 17. Qxb7 Nc5 18. Qb4 Qa8 19. a3 Qa7 20. Kh1 Ra8 21. f4 Qxa3 22. Qc4 Qa2 23. Qe2 Qe6 24. Rb4 Bg7 25. h4 f5 26. e5 dxe5 27. Qb5 Ne4 28. Rfb1 Qf6 29. Qd5+ Kh8 30. Qxa8+ Bf8 31. Rxe4 fxe4 32. Qxe4 Qxh4+ 33. Kg1 exf4 34. Rf1 g5 35. Qe5+ Kg8 36. Qe6+ Kg7 37. c4 Qg3 38. Rf3 Qh4 39. Rh3 Qxh3 40. gxh3 h5 41. c5 g4 42. hxg4 hxg4 43. c6 g3 44. c7 Kh7 45. c8Q f3 46. Qf5+ Kg7 47. Qcxf8# 1-0

[Event "Hallstahammar op"]
[Site "Hallstahammar"]
[Date "2001.09.09"]
[Round "6"]
[White "Lundqvist, KG."]
[Black "Myklebust, Andreas"]
[Result "0-1"]
[WhiteElo "1656"]
[BlackElo "1490"]
[PlyCount "62"]
[EventDate "2001.??.??"]
[EventType "swiss"]
[EventRounds "7"]
[EventCountry "SWE"]
[SourceTitle "EXT 2006"]
[Source "ChessBase"]
[SourceDate "2005.11.24"]
[SourceVersion "1"]
[SourceVersionDate "2005.11.24"]
[SourceQuality "1"]

1. e4 e5 2. Nf3 Nc6 3. Bb5 a6 4. Ba4 Nf6 5. 0-0 b5 6. Bb3 Bc5 7. Nxe5 Nxe5 8. d4 Bxd4 9. Qxd4 d6 10. Bg5 c5 11. Bxf6 gxf6 12. Qc3 c4 13. f4 Nd7 14. Bxc4 bxc4 15. Qxc4 Qb6+ 16. Kh1 Qxb2 17. Nc3 Qxc2 18. Rfc1 Qf2 19. Nd5 0-0 20. Qc3 Kg7 21. Rf1 Qc5 22. Qg3+ Kh8 23. Rac1 Qd4 24. Rfe1 Bb7 25. Rcd1 Qc4 26. Ne3 Qxe4 27. Qh3 Rg8 28. Nd5 Qa4 29. Ne3 Nc5 30. Rxd6 Ne4 31. Qd7 Qb4 0-1